000 00675nam a2200193Ia 4500
005 20240530103735.0
008 140319s9999 xx 000 0 ara d
040 _aGCL /
_cGCL
082 0 4 _a657.42 /
_bم م
100 1 _aمحمد احمد خليل
245 1 0 _aمحاسبة التكاليف : فى المجال الادارى /
_cمحمد احمد خليل
260 _aبيروت :
_bدار النهضة العربية،
_cد . ت
300 _a2 مج ؛
_c24 سم
650 0 4 _aمحاسبة التكاليف
650 0 4 _aحسابات المراقبة
650 0 4 _aالمجال الادارى
942 _2ddc
_cBK
999 _c42096
_d42096